00429pab a2200157 454500008004000000100001900040245007100059260000900130300001300139362001100152650001200163650002300175650001200198700002700210773003400237180718b2017 xxu||||| |||| 00| 0 eng d aDandekar, Ajay aLives in debt: narratives of agrarian distress and farmer suicides c2017 ap.77-84. a27 May aFarmers aAgrarian structure aSuicide aBhattacharya, Sreedeep aEconomic and Political Weekly